=LDR 00000nam 2200000 4500 =001 INLIS000000000015668 =005 20130612110937 =008 ***********************************Indo** =035 ##$$0010-061300000015668 =041 ##$$a Indo =082 ##$$a 028.5 =090 ##$$a 028.5, Bas s =100 ##$$a Basya Abdurahman Ra'fat =245 ##$$a Syuraih Al.Qadhi Hakim Yang Tengah,Shilah Bin Asyam Al.Adawy Si Lembut Yang Bijak, Drs.Abdurahman Ra'fat Basya, Penerjemah Maskur Ab =260 ##$$a 1993 $b Bandung =300 ##$$a 28 hlm, ilus, 20 cm =650 ##$$a Bacaan Kanak-Kanak =700 ##$$a Maskur Ab =850 ##$$a NBPNMAT